000 00545nam a22001937a 4500
005 20251108165906.0
008 250721s1983 xx 000 0 ara d
082 1 4 _aق/ديز
100 1 _aديزني، والت
245 1 0 _aزورو /
264 1 _aالقاهرة :
_bدار الهلال،
_c1983.
300 _a156ص
490 0 _aروايات الهلال
650 1 7 _aالأدب المترجم
650 1 7 _aالروايات
700 1 _aجلال، محمد عبد المنعم
_eترجمة
942 _2ddc
_cBK
999 _c34078
_d34078